<?xml version="1.0" encoding="UTF-8"?><?xml-stylesheet type="text/xsl" href="static/style.xsl"?><OAI-PMH xmlns="http://www.openarchives.org/OAI/2.0/" xmlns:xsi="http://www.w3.org/2001/XMLSchema-instance" xsi:schemaLocation="http://www.openarchives.org/OAI/2.0/ http://www.openarchives.org/OAI/2.0/OAI-PMH.xsd"><responseDate>2026-04-26T20:26:10Z</responseDate><request verb="GetRecord" identifier="oai:uvadoc.uva.es:10324/6841" metadataPrefix="marc">https://uvadoc.uva.es/oai/request</request><GetRecord><record><header><identifier>oai:uvadoc.uva.es:10324/6841</identifier><datestamp>2024-05-27T12:41:18Z</datestamp><setSpec>com_10324_150</setSpec><setSpec>col_10324_696</setSpec></header><metadata><record xmlns="http://www.loc.gov/MARC21/slim" xmlns:doc="http://www.lyncode.com/xoai" xmlns:xsi="http://www.w3.org/2001/XMLSchema-instance" xmlns:dcterms="http://purl.org/dc/terms/" xsi:schemaLocation="http://www.loc.gov/MARC21/slim http://www.loc.gov/standards/marcxml/schema/MARC21slim.xsd">
<leader>00925njm 22002777a 4500</leader>
<datafield tag="042" ind1=" " ind2=" ">
<subfield code="a">dc</subfield>
</datafield>
<datafield tag="720" ind1=" " ind2=" ">
<subfield code="a">López de Quirós y Losada, José</subfield>
<subfield code="e">author</subfield>
</datafield>
<datafield tag="260" ind1=" " ind2=" ">
<subfield code="c">1724</subfield>
</datafield>
<datafield tag="024" ind2=" " ind1="8">
<subfield code="a">CCPB000067945-3</subfield>
</datafield>
<datafield tag="024" ind2=" " ind1="8">
<subfield code="a">http://uvadoc.uva.es/handle/10324/6841</subfield>
</datafield>
<datafield tag="024" ind2=" " ind1="8">
<subfield code="a">b1603560</subfield>
</datafield>
<datafield ind1=" " ind2=" " tag="653">
<subfield code="a">Pedro de Osma, Santo - Biografía</subfield>
</datafield>
<datafield tag="245" ind1="0" ind2="0">
<subfield code="a">Vida y milagros de S. Pedro de Osma, novilissimo [sic] galicano, patron de esta Santa Iglesia ...: con la descripcion de la fabrica material de ella, y relacion puntual de los prelados que la han ilustrado ... y un tratado especial de la virtud, de la limosna, y claridad que el Santo exerci'i con los pobres diocesanos / author ... Ioseph Lopez de Quiros y Lossada ...</subfield>
</datafield>
</record></metadata></record></GetRecord></OAI-PMH>